| 000 | 00730pam a2200241 a 4500 | ||
|---|---|---|---|
| 001 | 3825324 | ||
| 005 | 20180206092449.0 | ||
| 008 | 861103s1987 dcua b 001 0 eng | ||
| 010 | _a 86029920 | ||
| 020 |
_a0815710429 : _c$32.95 (est.) |
||
| 020 |
_a0815710410 (pbk.) : _c$12.95 (est.) |
||
| 040 |
_aDLC _cDLC _dDLC |
||
| 041 | _aeng | ||
| 043 | _ae-sw--- | ||
| 080 | _a330.9485.058 BAR | ||
| 082 | 0 | 0 |
_a330.9485.058 BAR _219 |
| 100 | _a52 | ||
| 101 | _aECO | ||
| 245 | 0 | 4 |
_aThe Swedish economy / _cBarry P. Bosworth ... [et al.] ; Barry P. Bosworth and Alice M. Rivlin, editors. |
| 504 | _aIncludes bibliographical references and index. | ||
| 906 |
_a7 _bcbc _corignew _d1 _eocip _f19 _gy-gencatlg |
||
| 942 |
_2ddc _cBK |
||
| 999 |
_c41952 _d41952 |
||